000 00747nam a22002417a 4500
003 UA-OsUOA
001 68817
007 ta
008 20100519b un ||||| |||| 00| 0 ukr d
100 _aПлисюк В.
090 _a82.09(477.82)
_bП38
942 _cBK
040 _aUA-OsUOA
_bukr
_cUA-OsUOA
_dUA-OsUOA
245 _aПоезія душевного інтелекту
_bНарис поетичної творчості Петра Гоця з нагоди 70-річчя
300 _a32 с.
955 _a2
041 _aukr
080 _a82.09(477.82)
020 _a978-966-665-504-5
260 _aЛьвів
_bСполом
_c2007
650 7 _a82 Література. Літературознавство
_2UDC
999 _c355078
_d355078